| 000 | 00000nam 2200000za 4500 |
| 001 | 9.676792 |
| 003 | CaOODSP |
| 005 | 20230926102301 |
| 007 | cr ||||||||||| |
| 008 | 150407|1985||||xxc|||||o f|0| 0 fre d |
| 040 | |aCaOODSP|bfre |
| 041 | |aeng |
| 041 | |afre |
| 043 | |an-cn--- |
| 086 | 1 |aYX44-1985/5-PDF |
| 110 | 1 |aCanada.|bStatuts. |
| 245 | 10|aLois révisées du Canada (1985). Vol. V / |h[ressource électronique]|c[publ. par] Imprimeur de la reine pour le Canada. |
| 260 | |aOttawa - Ontario : |bStatuts |cc1985. |
| 300 | |a1323p.|bfigures |
| 500 | |a« Révision réalisée sous le régime de la Loi sur la révision des lois »--p.1 de 1323. Sommaire : Chap. F-30, Développement des forêts et recherche sylvicole à Chap. L-11, Associations de race. |
| 590 | |a14-22-Supp|b2014-12-24 |
| 691 | 07|aLégislation|2gcpds |
| 776 | 0#|tRevised Statutes of Canada, 1985, vol. V |w(CaOODSP)9.652945 |
| 791 | |tRevised Statutes of Canada, 1985. Vol. V / |eeng|w(CaOODSP)9.676791 |
| 856 | 40|ahttp://publications.gc.ca|qPDF|s20.27 Mo|uhttps://publications.gc.ca/collections/collection_2014/lois-statutes/YX44-1985-5.pdf |